000 00187 a2200097 4500
001 23954
100 _aYoung, G
245 _aRommel
260 _a
_bCollins
_c1967
090 _c16216
_d16216
942 _aNUST-CAE
_cM
_c6910
999 _c259027
_d259027